00680nam a2200205 a 450000100060000000300080000600500170001400800410003103500190007204000230009104100080011408200290012211000640015124501180021526000460033330000250037935000090040465000260041365000350043952152BD-RjUL20211209075748.0160906s1968 pk 000 0 eng  a(BD-RjUL)52272 aDLCcDLCdDLCbeng aeng00a338.409549223bPAP 19681 aPakistan.bDepartment of Investment Promotion and Supplies.10aPriority list of industries of comprehensive industrial investment schedule, 1965-1970 :bissued in June, 1968. / aKarachi :bMinistry of industries, c1968 avii, 48 p. ;c24 cm. a1.12 0aIndustrieszPakistan. 0aCapital investmentszPakistan.